Größte Städte der Welt nach Buchstabe - W - Statistiken

Allgemein
  • Dieses Quiz wurde 347 mal gespielt
  • Das Durchschnittsergebnis liegt bei 5 aus 13
Antwortstatistiken
Land Bevölkerung Stadt % Korrekt
Polen 2,48 Mio. Warschau
99%
Österreich 2,28 Mio. Wien
97%
USA 8,80 Mio. Washington
93%
China 11,8 Mio. Wuhan
78%
Russland 1,09 Mio. Wolgograd
58%
Russland 1,16 Mio. Woronesch
25%
China 5,10 Mio. Wenzhou
18%
China 3,08 Mio. Weifang
8%
China 1,73 Mio. Wuhu
7%
Nigeria 1,08 Mio. Warri
6%
China 1,13 Mio. Wanzhou
5%
China 1,43 Mio. Weihai
5%
Indien 1,05 Mio. Warangal
2%
Keine übereinstimmenden Quizze gefunden
Verteilung der Resultate
Anzahl Personen mit jedem Resultat
Perzentil nach korrekt beantworteten Fragen
Ihre Resultats-Entwicklung
Sie haben dieses Quiz noch nicht gespielt